000 00888nam a22002295i 4500
001 160972
003 ES-MaACL
005 20230906212151.0
008 021209s1897 sp |||| | spa d
040 _aCCPB | B
_bspa
_cCCPB | B
100 1 _aOliver-Copóns, Eduardo.
_986834
245 1 3 _aLa artillería /
_cpor Eduardo de Oliver-Copóns.
260 _aMadrid :
_bimprenta del Cuerpo de Artillería,
_c1897.
300 _a30 p. ;
_c24 cm.
490 1 _aPublicaciones del Memorial de artillería
530 _aDisponible en formato digital.
650 4 _aArtillería.
_9135626
830 0 _aPublicaciones del Memorial de artillería
_9181853
852 _aES-MaACL
_jT-849-F-5
_z-- Enc. hol. conservando la cub. original
_z-- Enc. en un vol. facticio
856 _uhttp://bdh-rd.bne.es/viewer.vm?id=0000092299&page=1
_zBiblioteca Digital Hispánica
999 _c160972
_d160972